00574 2200205 4500001002100000005001700021008004100038035002600079245006200105100001900167250001100186260004700197300003200244020001800276082001000294084001600304650001300320650002300333990001200356INLIS00000000000002320240612145206.0240612| ||| | ind  a 0010-06240000000002300aPengantar Studi Epidemiologi dan EvaluatifcJ.H. Abramson0 aAbramson, J.H. aketiga aYogyakarta :bGadjah Mada Universityc1984 aviii, 344 halaman ;c21 cm. a979-420-199-50 a001.4 a001.4 ABR p 0aresearch 0astatistical method a0000024